000 00686nam a2200289Ia 4500
005 20260324115344.0
008 008 260324s9999 xx 000 0 eng d
020 _a9781351057998
037 _aEBOOK
040 _aCRL
040 _beng
040 _cCRL
041 _2eng
041 _aeng
084 _qCRL
100 _aRichard Mallory
_91154343
245 0 _aQuality Standards for Highly Effective Government
245 0 _bSecond Edition
260 _bTaylor and Francis
260 _c2018
365 _a
365 _b55.99
856 _uhttp://www.taylorfrancis.com/books/9781351057998
942 _cEBOOK
999 _c1745171
_d1745171